| 000 | 00775nam a22002175a 4500 | ||
|---|---|---|---|
| 008 | 160731r20142013ii a|||fr|||| 000 0 eng d | ||
| 020 | _a8122422314 | ||
| 020 | _a9788122422313 | ||
| 040 |
_aEG-ScBUE _beng _cEG-ScBUE |
||
| 082 | 0 | 4 |
_222 _a346.7054 _bGUL |
| 100 | 1 |
_940557 _aGulshan, S. S. _d1935- _q(Satnam Singh), |
|
| 245 |
_aBusiness law including company law / _cS.S. Gulshan and G. K. Kapoor. |
||
| 250 | _a16th ed. | ||
| 260 |
_aNew Delhi : _bNew Age International (P) Ltd., Publishers, _c2014. |
||
| 300 |
_axiv, 782 p. : _bill. ; _c24 cm. |
||
| 500 | _aReprint of the 16th ed. | ||
| 650 | 7 |
_2BUEsh _940558 _aLaw _xBusiness Studies |
|
| 651 | _2BUEsh | ||
| 700 | 1 |
_940556 _aKapoor, G. K. _d1947- _q(Gulshan K.), |
|
| 942 |
_2ddc _e22 _k346.7054 GUL |
||
| 999 |
_c22081 _d22053 |
||